00768nam a22001697a 450000500170000000800410001702000180005805000170007610000260009324501660011926000430028530000340032850000190036250501770038170000180055870000220057620210414113941.0120517t xxu||||| |||| 00| 0 eng d a9781853839382 aHN981.C6D353 aDalal-Clayton, Barry. aRural planning in developing countries: Supporting natural resource management and sustainable livelihoods. /cBarry Dalal-Clayton, David Dent and Olivier Dubois aLondon:bEarthscan Publication,c2003. axxi, 226 p. :bill. ;c23 cm. aIncludes index aContents: Lessons from experience -- Conventional, technical planning approaches -- Approaches to participation in planning -- A Basis for collaborating -- The Way forward. aDent, David.  aDubois, Olivier.